|
|
|
|
| LEADER |
01662cas a2200241 a 4500 |
| 001 |
AALejournalIMF009444 |
| 008 |
230101c9999 xx r poo 0 0eng d |
| 020 |
|
|
|c 5.00 USD
|
| 020 |
|
|
|z 9781451867282
|
| 022 |
|
|
|a 1018-5941
|
| 040 |
|
|
|a BD-DhAAL
|c BD-DhAAL
|
| 100 |
1 |
|
|a Iradian, Garbis.
|
| 245 |
1 |
0 |
|a Rapid Growth in Transition Economies :
|b Growth-Accounting Approach /
|c Garbis Iradian.
|
| 264 |
|
1 |
|a Washington, D.C. :
|b International Monetary Fund,
|c 2007.
|
| 300 |
|
|
|a 1 online resource (34 pages)
|
| 490 |
1 |
|
|a IMF Working Papers
|
| 500 |
|
|
|a <strong>Off-Campus Access:</strong> No User ID or Password Required
|
| 500 |
|
|
|a <strong>On-Campus Access:</strong> No User ID or Password Required
|
| 506 |
|
|
|a Electronic access restricted to authorized BRAC University faculty, staff and students
|
| 520 |
3 |
|
|a This paper uses the growth-accounting approach to determine the sources of growth in transition economies. The central conclusion is that the estimated total factor productivity (TFP) growth for the former Soviet Union republics were significantly higher than other fast growing economies. A key question for prospective growth is whether the TFP gains achieved thus far have already eliminated most of the inefficiencies of central planning-and will therefore soon fade away. Underutilized labor combined with the recent trend of faster capital accumulation may play a more important role in the medium-term growth.
|
| 538 |
|
|
|a Mode of access: Internet
|
| 830 |
|
0 |
|a IMF Working Papers; Working Paper ;
|v No. 2007/164
|
| 856 |
4 |
0 |
|z Full text available on IMF
|u http://elibrary.imf.org/view/journals/001/2007/164/001.2007.issue-164-en.xml
|z IMF e-Library
|